|
|
|
|
| LEADER |
00759nab a2200193 i 4500 |
| 001 |
acta31002 |
| 005 |
20210422150911.0 |
| 008 |
161017s2012 hu o 0|| hun d |
| 022 |
|
|
|a 0237-7934
|
| 040 |
|
|
|a SZTE Egyetemi Kiadványok Repozitórium
|b hun
|
| 041 |
|
|
|a hun
|
| 100 |
1 |
|
|a Detre Katalin
|
| 245 |
1 |
0 |
|a Egyéni autonómia - kollektív autonómia
|h [elektronikus dokumentum] :
|b Szívós Erika: A magyar képzőművészet társadalomtörténete, 1867-1918. Új Mandátum Könyvkiadó, Budapest, 2009. 271 oldal /
|c Detre Katalin
|
| 260 |
|
|
|c 2012
|
| 300 |
|
|
|a 174-177
|
| 490 |
0 |
|
|a Aetas
|v 27 No. 3
|
| 695 |
|
|
|a Társadalomtudomány
|
| 700 |
0 |
1 |
|a Szívós Erika
|e aut
|
| 856 |
4 |
0 |
|u http://acta.bibl.u-szeged.hu/31002/1/aetas_2012_003_174-177.pdf
|z Dokumentum-elérés
|